Oru Kutayum Kunhupengalum_Malayalam (Record no. 38084)
[ view plain ]
| 000 -LEADER | |
|---|---|
| fixed length control field | 01439nam a22001817a 4500 |
| 020 ## - INTERNATIONAL STANDARD BOOK NUMBER | |
| ISBN | 96014419559800 |
| 082 ## - DEWEY DECIMAL CLASSIFICATION NUMBER | |
| Classification number | 920 VAR |
| 100 ## - MAIN ENTRY--AUTHOR NAME | |
| Personal name | Muttathu Varkey |
| 245 ## - TITLE STATEMENT | |
| Title | Oru Kutayum Kunhupengalum_Malayalam |
| 250 ## - EDITION STATEMENT | |
| Edition statement | 1 |
| 260 ## - PUBLICATION, DISTRIBUTION, ETC. (IMPRINT) | |
| Name of publisher | DC Books |
| Place of publication | Kottayam |
| Year of publication | 2025 |
| 300 ## - PHYSICAL DESCRIPTION | |
| Number of Pages | Number of pages : 128 |
| 520 ## - SUMMARY, ETC. | |
| Summary, etc | เดฎเดฒเดฏเดพเดณ เดฌเดพเดฒเดธเดพเดนเดฟเดคเตเดฏเดคเตเดคเดฟเตฝ เดเดจเตเดจเตเด เดคเดฟเดณเดเตเดเดฟเดจเดฟเตฝเดเตเดเตเดจเตเดจ เดฐเดเดจเดฏเดพเดฃเต 'เดเดฐเต เดเตเดเดฏเตเด เดเตเดเตเดเตเดชเตเดเตเดเดณเตเด'. เดธเตโเดจเตเดนเดจเตเดงเดเตเดเดณเตเดเต เดฎเดนเดคเตเดคเตเดตเดคเตเดคเดฟเดฒเตเดเตเดเต เดเตเดเตเดเดฟเดเดณเต เดเตเดชเดฟเดเดฟเดเตเดเดพเดจเดฏเดฟเดเตเดเตเดจเตเดจ เด เดเดฅเดฏเตเด เดเดคเดฟเดฒเต เดเดฅเดพเดชเดพเดคเตเดฐเดเตเดเดณเตเด เดเดจเตเดจเตเด เดเดฐเต เดฎเดจเดธเตเดธเดฟเดฒเตเด เดเตเดตเดฟเดเตเดเตเดจเตเดจเต. เดเตเดฐเดณเดคเตเดคเดฟเดจเตเดฑเต เดชเตเดฐเดฟเดฏเดชเตเดชเตเดเตเด เดเดจเดชเตเดฐเดฟเดฏ เดเดดเตเดคเตเดคเตเดเดพเดฐเดจเดพเดฏเดฟเดฐเตเดจเตเดจ เดฎเตเดเตเดเดคเตเดคเตเดตเตผเดเตเดเดฟเดฏเตเดเต เดฒเดณเดฟเดคเดตเตเด เดธเตเดจเตเดฆเดฐเดตเตเดฎเดพเดฏ เดเดเตเดฏเดพเดจเดฐเตเดคเดฟ เดเตเดเตเดเดฟเดเดณเตเดฏเตเด เดฎเตเดคเดฟเตผเดตเดฐเตเดฏเตเด เดเดฐเตเดชเตเดฒเต เดเดเตผเดทเดฟเดเตเดเตเด. |
| 546 ## - LANGUAGE NOTE | |
| Language note | Language : Malayalam |
| 650 ## - SUBJECT ADDED ENTRY--TOPICAL TERM | |
| Topical Term | GEN |
| 942 ## - ADDED ENTRY ELEMENTS (KOHA) | |
| Koha item type | Text Book |
| 952 ## - LOCATION AND ITEM INFORMATION (KOHA) | |
| Damaged status | |
| Not for loan | |
| Withdrawn status | Collection code | Permanent Location | Current Location | Date acquired | Source of acquisition | Cost, normal purchase price | Inventory number | Full call number | Accession Number | Price effective from | Koha item type |
|---|---|---|---|---|---|---|---|---|---|---|---|
| GENERAL | VAST Central Library | VAST Central Library | 25/11/2025 | Dc Bookshop,Thrissur | 180.00 | 000729 | 920 VAR | 38221 | 17/12/2025 | Text Book |